Statistics for Tokyo Metro Tōzai Line Quiz

Click here to take the quiz!

General Stats

  • This quiz has been taken 56 times
  • The average score is 16 of 23

Answer Stats

Station NumberStation% Correct
T01Nakano
95%
T09Ōtemachi
95%
T10Nihombashi
91%
T23Nishi-Funabashi
91%
T17Kasai
82%
T16Nishi-Kasai
82%
T03Takadanobaba
82%
T04Waseda
77%
T07Kudanshita
73%
T14Tōyōchō
73%
T06Iidabashi
68%
T11Kayabachō
68%
T18Urayasu
68%
T13Kiba
64%
T15Minami-Sunamachi
64%
T21Myōden
64%
T02Ochiai
64%
T22Baraki-Nakayama
59%
T12Monzen-Nakachō
59%
T08Takebashi
59%
T20Gyōtoku
55%
T19Minami-Gyōtoku
55%
T05Kagurazaka
50%

Score Distribution

Percentile by Number Answered

Percent of People with Each Score

Your Score History

You have not taken this quiz